Les Laurent célèbres - Statistiques

Statistiques générales
  • Ce quiz a été pris 87 fois
  • Le résultat moyen est 10 sur 18
Statistiques - réponses
Hint Réponse % Correct
Ancien footballeur, champion du monde en 1998, il a ensuite été sélectionneur de l'équipe de France Blanc
95%
Animateur vedette à la radio et à la télévision, il anime plusieurs émissions dont Les Grosses Têtes sur RTL, depuis 2014. Ruquier
86%
Auteur-compositeur-interprète, il connaît le succès depuis 1974, et collabore régulièrement avec son ami Alain Souchon. Voulzy
77%
Humoriste, animateur de radio et télévision, il s'est fait connaître pour ses caméras cachées, puis ses interventions osées dans plusieurs émissions, souvent aux côtés de Thierry Ardisson Baffie
75%
Acteur et humoriste, il tourne régulièrement pour Guillaume Canet, et a joué l'époux de Marina Foïs dans les deux films "Papa ou Maman". Lafitte
69%
Coureur cycliste, il a remporté de nombreuses courses, dont le Tour de France à deux reprises en 1983 et 1984. Fignon
66%
Imitateur et humoriste à succès, il s'attaque avec ironie au paysage politique et au monde du spectacle, parfois de manière osée. On peut l'entendre chaque matin dans une chronique brève, sur une radio nationale. Gerra
60%
Journaliste et animateur, il a participé à Télématin avant de présenter depuis 1992 le jeu Des Chiffres et des Lettres. Romejko
60%
Journaliste, animateur et producteur, il présente un journal national le week-end, et a fait de ce moment un véritable magazine. Delahousse
57%
Homme politique né en 1946, il a été premier ministre sous François Mitterrand Fabius
57%
Acteur et animateur, il est surtout célèbre pour jouer le rôle principal depuis 2006, dans la série Camping Paradis. Ournac
56%
Coureur cycliste, il remporte plusieurs courses dans les années 90, devient champion du monde du contre-la-montre. Après sa carrière sportive, il devient commentateur sportif, notamment pour le Tour de France. Jalabert
53%
Animateur radio et télé, il est aujourd'hui chroniqueur culinaire et présente un programme court quotidien. Mariotte
47%
Homme politique français, député, plusieurs fois ministre, il est maire du Puy-en-Velay de 2008 à 2016, puis président du Conseil Régional d'Auvergne-Rhône-Alpes en 2016 Wauquiez
47%
Journaliste sportif, il présente depuis 2000 les grands événements sur France2, dont les Jeux Olympiques, Roland Garros, et le Tour de France. Luyat
44%
Animateur de radio et télévision, il anime des émissions sur M6 depuis la création de la chaîne, dont l'incontournable Fréquenstar. Boyer
25%
Homme politique italien du XVe siècle, il est surnommé "Le Magnifique". Banquier, protecteur des arts, diplomate, il devient chef du gouvernement de la République florentine. Médicis
16%
Producteur et animateur, il fait ses débuts en présentant tout d'abord la météo. Il se spécialise ensuite dans les émissions scientifiques, puis devient l'un des joueurs permanents du jeu Pyramide dans les années 90. Broomhead
12%
Aucun quiz correspondant
Distribution des résultats
% des personnes avec chaque résultat
Percentile par nombre de réponses
Votre historique - résultats
Vous n’avez pas pris ce quiz